00326nam a2200133Ia 4500003000400000005001700004008004100021020001900062040002000081100001600101245004200117260002500159300000800184OSt20240223141952.0170524s9999 xx 000 0 und d a978-1292412566 cIIMT UNIVERSITY aHORNGREN, C 0aINTRODUCTION TO MANAGEMENT ACCOUNTING aNEW DELHIbPHIc2008 a831